Построение модели определения наклонных границ разделения сред; Технологии Microsoft в теории и практике программирования

Bibliografiske detaljer
Parent link:Технологии Microsoft в теории и практике программирования.— 2012.— [С. 73-75]
Hovedforfatter: Ивашкина М. А.
Institution som forfatter: Национальный исследовательский Томский политехнический университет (ТПУ) Институт кибернетики (ИК) Кафедра прикладной математики (ПМ)
Andre forfattere: Рыбалка С. А. Сергей Анатольевич (научный руководитель), Вылегжанин О. Н. Олег Николаевич
Summary:Заглавие с титульного листа.
The article describes the main stages of seismic ray tracing in gradient medium with inclined reflection boundaries and calculation of coordinates of the point of its reflection from one of the boundaries.
Sprog:russisk
Udgivet: 2012
Serier:Математическое моделирование и технологии высокопроизводительных вычислений
Fag:
Online adgang:http://www.lib.tpu.ru/fulltext/c/2012/C28/025.pdf
Format: MixedMaterials Electronisk Book Chapter
KOHA link:https://koha.lib.tpu.ru/cgi-bin/koha/opac-detail.pl?biblionumber=611352

MARC

LEADER 00000naa2a2200000 4500
001 611352
005 20240131154927.0
035 |a (RuTPU)RU\TPU\conf\9094 
035 |a RU\TPU\conf\9089 
090 |a 611352 
100 |a 20150305d2012 k y0rusy50 ca 
101 0 |a rus 
102 |a RU 
105 |a y z 100zy 
135 |a drgn ---uucaa 
181 0 |a i  
182 0 |a b 
200 1 |a Построение модели определения наклонных границ разделения сред  |f М. А. Ивашкина, С. А. Рыбалка, О. Н. Вылегжанин  |g науч. рук. С. А. Рыбалка 
203 |a Текст  |c электронный 
215 |a 1 файл (532 Кб) 
225 1 |a Математическое моделирование и технологии высокопроизводительных вычислений 
300 |a Заглавие с титульного листа. 
320 |a [Библиогр.: с. 75 (2 назв.)] 
330 |a The article describes the main stages of seismic ray tracing in gradient medium with inclined reflection boundaries and calculation of coordinates of the point of its reflection from one of the boundaries. 
337 |a Adobe Reader 
463 1 |0 (RuTPU)RU\TPU\conf\61  |t Технологии Microsoft в теории и практике программирования  |o сборник трудов IX Всероссийской научно-практической конференции студентов, аспирантов и молодых ученых, 21-22 марта 2012 г., г.Томск  |f Национальный исследовательский Томский политехнический университет (ТПУ), Институт кибернетики ; отв. ред. А. Р. Вахитов  |v [С. 73-75]  |d 2012 
610 1 |a электронный ресурс 
610 1 |a труды учёных ТПУ 
610 1 |a модели 
610 1 |a наклонные границы 
610 1 |a разделение 
610 1 |a среды 
610 1 |a сейсмическое профилирование 
610 1 |a сейсмические лучи 
610 1 |a сейсмическая разведка 
610 1 |a геофизические исследования 
610 1 |a земная кора 
700 1 |a Ивашкина  |b М. А. 
701 1 |a Рыбалка  |b С. А.  |c специалист в области информатики и вычислительной техники  |c доцент Томского политехнического университета, кандидат технических наук  |f 1961-  |g Сергей Анатольевич  |3 (RuTPU)RU\TPU\pers\26755  |9 12398 
701 1 |a Вылегжанин  |b О. Н.  |c специалист в области информатики и вычислительной техники  |c доцент Томского политехнического университета, кандидат химических наук  |f 1943-  |g Олег Николаевич  |3 (RuTPU)RU\TPU\pers\25385 
702 1 |a Рыбалка  |b С. А.  |c специалист в области прикладной математики  |c доцент Томского политехнического университета, кандидат технических наук  |f 1961-  |g Сергей Анатольевич  |4 727 
712 0 2 |a Национальный исследовательский Томский политехнический университет (ТПУ)  |b Институт кибернетики (ИК)  |b Кафедра прикладной математики (ПМ)  |3 (RuTPU)RU\TPU\col\18700 
801 2 |a RU  |b 63413507  |c 20150306  |g RCR 
856 4 |u http://www.lib.tpu.ru/fulltext/c/2012/C28/025.pdf 
942 |c BK